Miami Dolphins 3000+ Yards Passing in a season - Statistics

General Stats
  • This quiz has been taken 27 times
  • The average score is 5 of 7
Answer Stats
YEAR Answer % Correct
1998, 1997,1995,1994,1992,1991,1990,1989,1988,1987,1986,1985,1984 Dan Marino
100%
2023,2022 Tua Tagovailoa
96%
2015,2014,2013,2012 Ryan Tannehill
92%
2019 Ryan Fitzpatrick
79%
2008 Chad Pennington
50%
2010 Chad Henne
38%
2001 Jay Fiedler
8%
No matching quizzes found
Score Distribution
Percent of People with Each Score
Percentile by Number Answered
Your Score History
You have not taken this quiz